000 00634cam a22002293a 4500
001 25552
003 PGUSA
005 20140828083541.0
008 080521s2008||||xxu|||||s|||||000 | eng d
040 _aPGUSA
_beng
042 _adc
050 4 _aTX
100 1 _aRandell, Winifred
245 1 0 _aMilk for You and Me
_h[electronic resource] /
_cWinifred Randell
260 _bProject Gutenberg,
_c2008
506 _aPublic domain in the USA.
516 _aElectronic text
653 _aMilk as food -- Juvenile literature
830 0 _aProject Gutenberg
_v25552
856 4 0 _uhttp://www.gutenberg.org/ebooks/25552
942 _cEB
999 _c254807
_d254807